| 000 | 00490nam a22001817a 4500 | ||
|---|---|---|---|
| 999 |
_c188316 _d188316 |
||
| 005 | 20220518154349.0 | ||
| 010 | _aENG-132668 | ||
| 020 |
_a9781921401190 _c199.00 |
||
| 035 | _aEN-116200 | ||
| 037 | _bDBAD/PUB | ||
| 082 | _aS | ||
| 100 | _aJames, Wendy | ||
| 245 |
_aWhy She Loves Him/ _cWendy James |
||
| 260 |
_aAustralia _bUniversity of Western Australia Press _c2009 |
||
| 270 |
_aCrawley, Western Australia _bAustralia |
||
| 300 |
_a225p. _c20cm(pbk) |
||
| 942 |
_2ddc _cEN _hS _mJAM |
||